Most Guessed - Video Games - Statistics

General Stats
  • This quiz has been taken 137 times
    111 since last reset
  • The average score is 8 of 14
Answer Stats
Quiz Answer % Correct
Super Smash Bros. Characters Mario
93%
Original 151 Pokémon Pikachu
85%
Fill-in-The-Blank Video Game Titles {Sonic} the Hedgehog
80%
Pokémon Types Water
80%
Minecraft Mobs Zombie
76%
Nintendo Consoles Wii
71%
Mario Kart Cups Mushroom
65%
Street Fighter 2 Characters Ryu
61%
Mortal Kombat Characters Sub-Zero
59%
The Legend of Zelda Games Ocarina of Time
58%
Best-Selling Video Game Consoles Quiz PlayStation
53%
Generation II Pokémon Chikorita
15%
Pokémon Moves Splash
8%
League of Legends Champions Freljord
1%
No matching quizzes found
Score Distribution
Percent of People with Each Score
Percentile by Number Answered
Your Score History
You have not taken this quiz since the last reset